[Event "Titled Tuesday intern op 22nd Feb Early"]
[Site "Chess.com INT"]
[Date "2022.02.22"]
[Round "1"]
[White "Gormally, Daniel"]
[Black "Golizadeh, Asghar"]
[Result "1-0"]
[WhiteElo "2483"]
[BlackElo "2455"]
[PlyCount "53"]
[EventDate "2022.02.22"]
[EventType "swiss (blitz)"]
[EventRounds "11"]
[EventCountry "USA"]
[SourceTitle "CBM 207 Extra"]
[Source "ChessBase"]
[SourceDate "2022.05.31"]
[SourceVersion "1"]
[SourceVersionDate "2022.05.31"]
[SourceQuality "1"]

1. d4 Nf6 2. Nf3 g6 3. Nc3 d5 4. Bf4 Bg7 5. e3 0-0 6. Be2 c5 7. 0-0 Nc6 8. Ne5 Bf5 9. Nxc6 bxc6 10. Na4 cxd4 11. exd4 Ne4 12. c3 g5 13. Be3 e6 14. f3 Nd6 15. Qd2 h6 16. Nc5 Rb8 17. b3 Bg6 18. f4 Bf6 19. fxg5 Bxg5 20. Bxg5 Bh7 21. Bxd8 Rbxd8 22. Qxh6 Nf5 23. Qg5+ Kh8 24. Qf6+ Ng7 25. Rf3 Rde8 26. Rh3 Rg8 27. Bd3 1-0

[Event "Titled Tuesday intern op 22nd Feb Early"]
[Site "Chess.com INT"]
[Date "2022.02.22"]
[Round "3"]
[White "Mejia, Cherry Ann"]
[Black "Golizadeh, Asghar"]
[Result "0-1"]
[WhiteElo "1948"]
[BlackElo "2455"]
[PlyCount "96"]
[EventDate "2022.02.22"]
[EventType "swiss (blitz)"]
[EventRounds "11"]
[EventCountry "USA"]
[SourceTitle "CBM 207 Extra"]
[Source "ChessBase"]
[SourceDate "2022.05.31"]
[SourceVersion "1"]
[SourceVersionDate "2022.05.31"]
[SourceQuality "1"]

1. e4 c5 2. Nc3 g6 3. g3 Bg7 4. d3 Nc6 5. Be3 d6 6. Qd2 e6 7. Bg2 Nd4 8. Nd1 Rb8 9. c3 Nc6 10. Ne2 b5 11. d4 cxd4 12. cxd4 Nge7 13. Bh6 0-0 14. h4 d5 15. h5 Qa5 16. Ndc3 b4 17. Bxg7 bxc3 18. bxc3 Kxg7 19. hxg6 Nxg6 20. e5 Rh8 21. Qh6+ Kg8 22. Bf3 Nxd4 23. Bh5 Nxe2 24. Bxg6 Qxc3+ 25. Kxe2 Ba6+ 26. Kd1 Qxa1+ 27. Kd2 Qd4+ 28. Kc1 Rc8+ 29. Bc2 Qe4 30. Qg5+ Kf8 31. Qd8+ Rxd8 32. Bxe4 dxe4 33. Re1 Ke7 34. Rxe4 Rd5 35. f4 Rc8+ 36. Kb2 Rb5+ 37. Ka3 Rc3+ 38. Ka4 Rbc5 39. Rb4 R3c4 40. a3 Rxb4+ 41. axb4 Rc2 42. b5 Bxb5+ 43. Kxb5 Rg2 44. Ka6 Rxg3 45. Kxa7 Rf3 46. Kb6 Rxf4 47. Kc7 Re4 48. Kc6 Rxe5 0-1

[Event "Titled Tuesday intern op 15th Feb Early"]
[Site "Chess.com INT"]
[Date "2022.02.15"]
[Round "9"]
[White "Gabdrakhmanov, Azat"]
[Black "Golizadeh, Asghar"]
[Result "1-0"]
[WhiteElo "2319"]
[BlackElo "2455"]
[PlyCount "107"]
[EventDate "2022.02.15"]
[EventType "swiss (blitz)"]
[EventRounds "11"]
[EventCountry "USA"]
[SourceTitle "CBM 206 Extra"]
[Source "ChessBase"]
[SourceDate "2022.03.31"]
[SourceVersion "1"]
[SourceVersionDate "2022.03.31"]
[SourceQuality "1"]

1. e4 c5 2. Nf3 g6 3. d4 cxd4 4. Nxd4 Nc6 5. Nc3 Bg7 6. Nb3 Nf6 7. Be2 a5 8. a4 d5 9. exd5 Nb4 10. Bb5+ Bd7 11. 0-0 0-0 12. d6 exd6 13. Bf4 Bf5 14. Nd4 Bg4 15. Qd2 d5 16. h3 Bd7 17. Bg5 Bxb5 18. Ncxb5 Qb6 19. Bxf6 Bxf6 20. c3 Nc6 21. Nf3 Rad8 22. Rad1 Kg7 23. Qf4 Rfe8 24. Rde1 Qc5 25. Qc7 Rxe1 26. Rxe1 Rb8 27. Nd6 Rf8 28. Re8 Bd8 29. Rxd8 Rxd8 30. Qxf7+ Kh8 31. Qf6+ Kg8 32. Nxb7 Qe7 33. Qxe7 Nxe7 34. Nxd8 Kf8 35. Nb7 Ke8 36. Nxa5 Kd7 37. b4 Nf5 38. Nd4 Kd6 39. Nxf5+ gxf5 40. Nb3 d4 41. Nxd4 Kd5 42. a5 Ke4 43. a6 f4 44. a7 f3 45. a8Q+ Kd3 46. Qxf3+ Kc4 47. Qc6+ Kd3 48. b5 h5 49. b6 h4 50. b7 Kd2 51. b8Q Kd3 52. Qb1+ Kd2 53. Qc2+ Ke1 54. Q6e4# 1-0

[Event "Titled Tuesday intern op 15th Feb Early"]
[Site "Chess.com INT"]
[Date "2022.02.15"]
[Round "1"]
[White "Golizadeh, Asghar"]
[Black "Moroni, Luca Jr"]
[Result "0-1"]
[WhiteElo "2455"]
[BlackElo "2588"]
[PlyCount "118"]
[EventDate "2022.02.15"]
[EventType "swiss (blitz)"]
[EventRounds "11"]
[EventCountry "USA"]
[SourceTitle "CBM 206 Extra"]
[Source "ChessBase"]
[SourceDate "2022.03.31"]
[SourceVersion "1"]
[SourceVersionDate "2022.03.31"]
[SourceQuality "1"]

1. e4 d6 2. d4 e5 3. Nf3 exd4 4. Nxd4 Nf6 5. Bd3 Be7 6. 0-0 0-0 7. Re1 Re8 8. Nc3 c6 9. h3 Bf8 10. Bf4 a5 11. a4 Na6 12. Bc4 Nc5 13. Qf3 Ne6 14. Nxe6 Bxe6 15. Bxe6 Rxe6 16. Rad1 Qb6 17. b3 Rae8 18. Be3 Qc7 19. Bd4 d5 20. Bxf6 Rxf6 21. Qd3 Rfe6 22. f3 Bb4 23. Re2 h6 24. exd5 Rxe2 25. Nxe2 cxd5 26. c3 Bf8 27. Nd4 Qf4 28. Nf5 Bc5+ 29. Kh1 Re5 30. Nd4 Bd6 31. Kg1 g6 32. Kf2 Qh4+ 33. Kf1 Qg3 34. Ne2 Qh2 35. Qd4 Re6 36. Qg1 Qe5 37. Nd4 Re8 38. Qf2 Qf4 39. Re1 Rc8 40. c4 dxc4 41. Nb5 Bc5 42. Re4 Qxe4 43. fxe4 Bxf2 44. Nd6 cxb3 45. Nxc8 b2 46. Kxf2 b1Q 47. Ne7+ Kf8 48. Nd5 Qa2+ 49. Kf3 Qxa4 50. Nc3 Qb3 51. Kg3 Qxc3+ 52. Kh2 a4 53. h4 a3 54. h5 a2 55. hxg6 fxg6 56. e5 Qxe5+ 57. Kh3 a1Q 58. g3 Qh1+ 59. Kg4 Qf5# 0-1

[Event "Titled Tuesday intern op 08th Feb Early"]
[Site "Chess.com INT"]
[Date "2022.02.08"]
[Round "2"]
[White "Golizadeh, Asghar"]
[Black "Kornyukov, Alexey"]
[Result "0-1"]
[WhiteElo "2455"]
[BlackElo "2452"]
[PlyCount "66"]
[EventDate "2022.02.08"]
[EventType "swiss (blitz)"]
[EventRounds "11"]
[EventCountry "USA"]
[SourceTitle "CBM 206 Extra"]
[Source "ChessBase"]
[SourceDate "2022.03.31"]
[SourceVersion "1"]
[SourceVersionDate "2022.03.31"]
[SourceQuality "1"]

1. e4 c5 2. Nf3 Nc6 3. Bb5 g6 4. Bxc6 dxc6 5. d3 Bg7 6. h3 e5 7. Nc3 Ne7 8. Be3 b6 9. Qd2 h5 10. 0-0 Be6 11. Ng5 Qd7 12. a3 0-0 13. f4 exf4 14. Rxf4 Bh6 15. Nxe6 Qxe6 16. Rf2 Bxe3 17. Qxe3 Rae8 18. Raf1 Nc8 19. Qg5 Nd6 20. Rf6 Qe7 21. e5 Nb5 22. e6 Nxc3 23. exf7+ Rxf7 24. Qxg6+ Rg7 25. Qxh5 Ne2+ 26. Kh2 Qc7+ 27. R1f4 Qb8 28. Rh6 Qxf4+ 29. Kh1 Ng3+ 30. Kh2 Nxh5+ 31. g3 Re2+ 32. Kh1 Qf3+ 33. Kg1 Qg2# 0-1